000 00234nam a2200097Ia 4500
001 709345
005 20250826162545.0
008 250824s9999 xx 000 0 und d
245 0 _aUYURGEZER ALİ
_cJOAN AİKEN
260 _bTUDEM YAYINLARI
999 _c709345
_d709345